Swedish city quiz A-Ö - Statistics

General Stats
  • This quiz has been taken 12 times
  • The average score is 9 of 26
Answer Stats
Hint Answer % Correct
L-The biggest of the "köping's" Linköping
80%
N-Home to one of the biggest tourist attractions in Sweden, Kolmården zoo Norrköping
70%
Å-Where the popular serie F*cking ____ took place Åmål
60%
I-A popular skiing resort in northern Dalarna Idre
60%
The biggest city in the northern half of Sweden Umeå
60%
B-City on Siljan Borlänge
50%
D-A female name that in greek means "gods gift" Dorotea
50%
F-Home to one of the worlds biggest copper mines Falun
50%
P-Decently old city in northern Sweden founded 1621, but was moved due to a big fire Piteå
40%
S-Home to the national arena, a surburb of stockholm Solna
40%
V-Very old Hanseatic coast city that was founded around year 1150, the city features a very distinct wall that leaps around the city Visby
40%
Y-Named first time year 1244 as Viistatha Ystad
40%
E-Known as "Swedens closest city" because of its many parks an historical landmarks Enköping
30%
G-City, whose population is mostly Sami, that was built because of iron being found in the ground Gällivare
30%
H-Known as the golfing capital of sweden, home to the popular rock band Gyllene tider Halmstad
30%
T-A city, which is counted as a surburb of Sundsvall, was very dependent on water and tree as natural resources, which is reflected in the name, which is divided into swedish names for river and timber Timrå
30%
Ä-City featuring a very distinct accent/language that more often than not uses other words that swedish Älvdalen
20%
A-City where the biggest "dalahäst" stands Alvesta
20%
Ö-The city has along history of paper-industry and timber Örnsköldsvik
20%
C-Literally the only swedish place beginning with C Charlottenberg
10%
J-The name means in Sami meeting spot at the lake Jukkasjärvi
10%
K-City in northern Sweden known for bleak roe Kalix
10%
M-City on "Svartån" whose name comes from an old swedish word for mill Mjölby
10%
O-City whose municipality is one of two non-island municipality to border only one other Oxelösund
10%
R- Home to the Dalhalla-arena that is built above a limestone mine known for beautiful views Rättvik
10%
Z-Once again literally the only city on Z, built because of a zinc mine, which you find in the name Zinkgruvan
10%
No matching quizzes found
Score Distribution
Percent of People with Each Score
Percentile by Number Answered
Your Score History
You have not taken this quiz